Latinoamérica y su perspectiva en un mundo cambiante: (un intento de recapitulación) /
Պահպանված է:
| Հիմնական հեղինակ: | |
|---|---|
| Ձևաչափ: | Տեքստ |
| Խորագրեր: | |
| Ցուցիչներ: |
Ավելացրեք ցուցիչ
Չկան պիտակներ, Եղեք առաջինը, ով նշում է այս գրառումը!
|
MARC
| LEADER | 00000 a a2200000 04500 | ||
|---|---|---|---|
| 001 | 42086 | ||
| 003 | |||
| 040 | |||
| 100 | |a Carmona de la Peña, Fernando | ||
| 245 | |a Latinoamérica y su perspectiva en un mundo cambiante: |b (un intento de recapitulación) / |c Fernando Carmona de la Peña | ||
| 650 | |a AMERICA LATINA | ||
| 650 | |a RELACIONES ECONOMICAS | ||
| 650 | |a CAPITALISMO | ||
| 650 | |a SUBDESARROLLO | ||
| 773 | |g volumen23, número88 ( , 1992), pág 91-122 | ||
| 999 | |c 28101 |d 28101 | ||
